000 00678nam a22002297a 4500
003 OSt
005 20141119112841.0
008 130220t xxu||||| |||| 00| 0 eng d
020 _a9716857122
050 _aLB 1115
_b.L933F3 2010
100 _aLucas, Maria Rita D.
245 _aField study 3 :
_cMaria Rita D. Lucas.
_btechnology in the learning environment /
260 _aQuezon City, Philippines :
_bLorimar Publishing Inc.,
_c2010.
300 _a58 pages :
_c26 cm.
_billustrations ;
521 _aEducation
526 _c1210L-1700L
562 _e1
650 _aTechnology
_yStudy guide.
650 _aEnvironment.
942 _2lcc
_cBK
_kLOC
999 _c276813
_d276813